Word Puzzles - U.S. States - Statistics

General Stats
  • This quiz has been taken 42,418 times
    42,412 since last reset
  • The average score is 12 of 20
Answer Stats
Word Puzzle Solution State % Correct
Sick + Irritate Ill + Annoy Illinois
86%
Red/Green/Purple etc. + A + Female Deer Color + A + Doe Colorado
80%
Mickey's Counterpart + Soft Drink Minnie + Soda Minnesota
79%
Boat Paddle + A + Firearm Oar + A + Gun Oregon
72%
Federer's Game + Large Body of Water Tennis + Sea Tennessee
69%
Trumpeter Armstrong + Z + Miss. Karenina Louis + Z + Anna Louisiana
68%
Church Service + Sneeze Sound + Rests in a Chair Mass + Achoo + Sits Massachusetts
67%
Soda Containers + Donkey Cans + Ass Kansas
66%
Cleaning + 2000 lb Washing + Ton Washington
62%
Argo Actor Alan + Woodcutter's Tool Arkin + Saw Arkansas
59%
Join Together + A + Director's Stop Connect + A + Cut Connecticut
59%
Sandwich Shop + To Don Apparel Deli + Wear Delaware
58%
Mrs. Tarbell + Garden Tool Ida + Hoe Idaho
52%
Wire Mixer + Criminal + Biblical No-No Whisk + Con + Sin Wisconsin
52%
Ruler of a Caliphate + Trumpet + German 'Yes' Caliph + Horn + Ja California
49%
Japanese Greeting Ohayō Ohio
44%
Chaste One + German 'Yes' Virgin + Ja Virginia
44%
Musician Without a Label + "Frozen" Princess Indie + Anna Indiana
37%
Unwed Missus + Run Hastily Miss + Hurry Missouri
37%
Zeus's Wife + Sector + A Hera + Zone + A Arizona
28%
No matching quizzes found
Score Distribution
Percent of People with Each Score
Percentile by Number Answered
Your Score History
You have not taken this quiz since the last reset